000 00222nam a22000857a 4500
008 160711b xxu||||| |||| 00| 0 eng d
100 _92546
_aAggarwal M.L
245 _aMathematics-XII
260 _aNew Delhi
_bAPC Publication
_c2009
999 _c2212
_d2212